Quantum cryptography : (Record no. 593274)
[ view plain ]
| 000 -LEADER | |
|---|---|
| fixed length control field | 00780nam a22001697a 4500 |
| 003 - CONTROL NUMBER IDENTIFIER | |
| control field | NUST |
| 005 - DATE AND TIME OF LATEST TRANSACTION | |
| control field | 20230215133643.0 |
| 020 ## - INTERNATIONAL STANDARD BOOK NUMBER | |
| International Standard Book Number | 9783030643591 |
| 082 ## - DEWEY DECIMAL CLASSIFICATION NUMBER | |
| Classification number | 005.824,GRA |
| 100 ## - MAIN ENTRY--PERSONAL NAME | |
| Personal name | Grasselli, Federico |
| 9 (RLIN) | 109056 |
| 245 ## - TITLE STATEMENT | |
| Title | Quantum cryptography : |
| Remainder of title | from key distribution to conference key agreement / |
| Statement of responsibility, etc. | Federico Grasselli |
| 260 ## - PUBLICATION, DISTRIBUTION, ETC. | |
| Place of publication, distribution, etc. | Spring |
| Name of publisher, distributor, etc. | UK |
| Date of publication, distribution, etc. | 2021 |
| 300 ## - PHYSICAL DESCRIPTION | |
| Extent | 219 p |
| 505 ## - FORMATTED CONTENTS NOTE | |
| Formatted contents note | Introduction (Page-), Elements of Quantum Information Theory (Page-), Introducing Quantum Key Distribution (Page-), Quantum Conference Key Agreement (Page-), Quantum Key Distribution with Imperfect Devices (Page-), Beyond Point-to-Point Quantum Key Distribution (Page-), Device-Independent Quantum Cryptography (Page-), |
| 650 ## - SUBJECT ADDED ENTRY--TOPICAL TERM | |
| Topical term or geographic name entry element | Quantum cryptography |
| 9 (RLIN) | 109094 |
| 942 ## - ADDED ENTRY ELEMENTS (KOHA) | |
| Source of classification or shelving scheme | |
| Koha item type | Reference |
| Withdrawn status | Lost status | Source of classification or shelving scheme | Damaged status | Not for loan | Permanent Location | Current Location | Shelving location | Date acquired | Full call number | Barcode | Date last seen | Price effective from | Koha item type | Public note |
|---|---|---|---|---|---|---|---|---|---|---|---|---|---|---|
| Military College of Signals (MCS) | Military College of Signals (MCS) | Reference | 02/14/2023 | 005.824,GRA | MCS38719 | 02/14/2023 | 02/14/2023 | Reference | Almirah Fresh No.44, Shelf No.1 |
